000 01574nam a2200433 a 4500
001 14064345
003 OSt
005 20251205035414.0
008 050804s2006 nyua c 000 1 eng
010 _a 2005050458
020 _a9780786838820
020 _a0786838825
020 _a9780786838837 (pbk.)
020 _a0786838833 (pbk.)
040 _aDLC
_cDLC
042 _alcac
100 1 _aPennypacker, Sara,
_d1951-
_eauthor.
245 1 0 _aClementine
_n(#1) /
_cSara Pennypacker ; pictures by Marla Frazee.
250 _a1st edition.
264 1 _aNew York :
_bHyperion Books for Children,
_c2006.
300 _a133 pages :
_billustrations ;
_c21 cm.
336 _atext
_btxt
_2rdacontent.
337 _aunmediated
_bn
_2rdamedia.
338 _avolume
_bnc
_2rdacarrier.
490 1 _aClementine ;
_v#1.
520 _aWhile sorting through difficulties in her friendship with her neighbor Margaret, eight-year-old Clementine gains several unique hairstyles while also helping her father in his efforts to banish pigeons from the front of their apartment building.
521 1 _a7-10.
521 2 _a1-5.
521 8 _a790
_bLexile.
650 1 _aFriendship
_vJuvenile fiction.
650 1 _aFamily life
_vJuvenile fiction.
650 1 _aApartment houses
_vJuvenile fiction.
650 0 _aBattle of the Books (BOB) 2014-15 4th-5th (fourth and fifth) grade.
650 1 _aSchools
_vJuvenile fiction.
650 1 _aHumorous stories.
700 1 _aFrazee, Marla,
_eillustrator.
800 1 _aPennypacker, Sara,
_d1951-
_tClementine ;
_v#1.
942 _cBK
999 _c31377
_d31375